000 00571nam a2200193Ia 4500
003 GCL
008 140319s9999 xx 000 0 ara d
040 _aGCL /
_cGCL
082 0 4 _a816.008
_bف ر
100 1 _aفوزى عيسى(مترجم)
245 1 0 _aرسائل اندلسية /
_cفوزى عيسى(مترجم)
260 _a[S.N] :
_bمنشاة المعارف الاسلامية ،
_c1989
300 _a378 ص
490 _a
650 0 4 _aالادب العربى
650 0 4 _aالرسائل العربية
650 0 4 _aالمجموعات
942 _2ddc
_cBK
999 _c31910
_d31910